000 00644nam a22001577a 4500
008 240813b th ||||| |||| 00| 0 tha d
020 _a9786165826587
040 _aNALT
100 0 _aว. วินิจฉัยกุล
_98269
245 1 0 _aหญ้าแพรก ดอกมะเขือ และเรือน้อย
250 _aพิมพ์ครั้งที่ 4
260 _aกรุงเทพฯ :
_bกรีนไลฟ์ พริ้นติ้ง เฮาส์,
_c2564.
942 _cFIC
996 _achunbijaya.r
_bCATSTF
_c2024-08-13
998 _h180
_i ชวนพิชญ์ รัตนาไพบูลย์
_j180
_k ชวนพิชญ์ รัตนาไพบูลย์